000 01827nam a2200229Ia 4500
008 260220t1990||||xx |||||||||||||| ||spa||
040 _aPY-SlUNAC
_bspa
_erda
041 _aspa
082 _a551.49
_bP941p
245 0 _aEl proceso de planificación de proyectos de recursos hídricos :
_bun enfoque de sistemas
264 _aBélgica :
_bNaciones Unidas,
_c℗1990.
300 _a1 volumen
520 _aEl libro "El proceso de planificación de proyectos de recursos hídricos: un enfoque de sistemas", publicado en 1990 por Naciones Unidas y basado en el contexto belga, ofrece un marco integral para la gestión eficiente de los recursos hídricos. Se centra en la importancia de adoptar un enfoque sistémico que considere las interrelaciones entre los diversos componentes del ecosistema acuático y los factores socioeconómicos que influyen en la planificación. A través de estudios de caso y metodologías específicas, se abordan las etapas cruciales del proceso de planificación, desde la identificación de necesidades hasta la evaluación de impactos y la implementación de soluciones sostenibles. El texto enfatiza la necesidad de la participación de múltiples actores, incluyendo gobiernos, comunidades locales y expertos en agua, para garantizar un enfoque colaborativo y efectivo. En última instancia, el libro busca promover prácticas que equilibren la conservación del agua con el desarrollo humano, resaltando la relevancia de un manejo responsable y sustentable de los recursos hídricos en el contexto global.
653 _aEnfoque sistémico
653 _aPlanificación de proyectos
653 _aRecursos hídricos
942 _b2026/02/17
_cBK
999 _c8044
_d8044